Ballon d'Or 2025: Die 30er-Liste der Frauen - Statistiken

Allgemein
  • Dieses Quiz wurde 38 mal gespielt
  • Das Durchschnittsergebnis liegt bei 13 aus 30
Antwortstatistiken
Rang Verein Nation Spielerin % Korrekt
1. FC Barcelona Spanien Aitana Bonmati
97%
4. FC Barcelona Spanien Alexia Putellas
91%
5. FC Arsenal England Chloe Kelly
78%
8. FC Barcelona Polen Ewa Pajor
72%
3. FC Arsenal England Alessia Russo
69%
20. FC Bayern München Dänemark Pernille Harder
69%
13. FC Barcelona Norwegen Caroline Graham Hansen
63%
19. FC Bayern München Deutschland Klara Bühl
63%
2. FC Arsenal Spanien Mariona Caldentey
59%
12. Orlando Pride Brasilien Marta
59%
11. FC Barcelona Spanien Claudia Pina
56%
7. FC Arsenal England Leah Williamson
56%
10. FC Chelsea England Hannah Hampton
50%
9. FC Chelsea England Lucy Bronze
47%
22. Gotham FC Spanien Esther Gonzalez
38%
16. Juventus Turin Italien Christiana Girelli
34%
25. FC Arsenal USA Emily Fox
34%
26. Olympique Lyon USA Lindsey Horan Heaps
31%
30. Real Madrid Schottland Caroline Weir
28%
17. Kansas City Current Malawi Temwa Chawinga
28%
28. Paris FC Frankreich Clara Mateo
25%
23. FC Chelsea Schweden Johanna Rytting Kaneryd
25%
18. Olympique Lyon Haiti Melchie Dumornay
25%
29. FC Arsenal Australien Steph Catley
22%
14. Orlando Pride Sambia Barbra Banda
19%
27. FC Arsenal Norwegen Frida Leonhardsen Maanum
19%
6. FC Barcelona Spanien Patricia Guijarro
19%
15. FC Chelsea Frankreich Sandy Baltimore
16%
24. Juventus Turin / Washington Spirit Italien Sofia Cantore
13%
21. Palmeiras Brasilien Amanda Gutierrez
6%
Keine übereinstimmenden Quizze gefunden
Verteilung der Resultate
Anzahl Personen mit jedem Resultat
Perzentil nach korrekt beantworteten Fragen
Ihre Resultats-Entwicklung
Sie haben dieses Quiz noch nicht gespielt